| 000 | 00000nas 2200000za 4500 |
| 001 | 9.807189 |
| 003 | CaOODSP |
| 005 | 20221107140101 |
| 007 | cr ||||||||||| |
| 008 | 151207d20152019oncqr p o f0 b0fre|d |
| 040 | |aCaOODSP|bfre |
| 043 | |an-cn-nf |
| 086 | 1 |aNH12-213F-PDF |
| 245 | 00|aActualités habitation - tableaux. |pRMR de St. John's |h[ressource électronique]. |
| 260 | |a[Ottawa] : |bSociété canadienne d'hypothèques et de logement, |c2015-2019. |
| 310 | |aTrimestriel |
| 362 | 0 |aOct. 2015-premier trimestre de 2019. |
| 500 | |aPubli. aussi en anglais sous le titre : Housing now tables. St. John's. |
| 691 | 07|aDémographie|2gcpds |
| 691 | 07|aLogement|2gcpds |
| 691 | 07|aPrêt hypothécaire|2gcpds |
| 691 | 07|aPrix|2gcpds |
| 710 | 2 |aSociété canadienne d'hypothèques et de logement. |
| 775 | 08|tHousing now tables. |w(CaOODSP)9.807186 |
| 780 | 00|tActualités habitation. |w(CaOODSP)9.501259 |